Catálogo

NACIONES Y NACIONALISMO (Registro nro. 57702)

Detalles MARC
000 -LEADER
fixed length control field 00918nam a2200217 a 4500
001 - CONTROL NUMBER
control field 57702
005 - DATE AND TIME OF LATEST TRANSACTION
control field 20180714054011.0
008 - FIXED-LENGTH DATA ELEMENTS--GENERAL INFORMATION
fixed length control field 140415s1991 mx 000 0 spa d
020 ## - INTERNATIONAL STANDARD BOOK NUMBER
International Standard Book Number 9683904521
041 ## - LANGUAGE CODE
Language code of text/sound track or separate title spa
082 ## - DEWEY DECIMAL CLASSIFICATION NUMBER
Classification number 320.54
Item number GEL
100 1# - MAIN ENTRY--PERSONAL NAME
Personal name GELLNER, ERNEST
245 10 - TITLE STATEMENT
Title NACIONES Y NACIONALISMO
250 ## - EDITION STATEMENT
Edition statement 1a ed.
260 ## - PUBLICATION, DISTRIBUTION, ETC.
Place of publication, distribution, etc. MEXICO :
Name of publisher, distributor, etc. PATRIA,
Date of publication, distribution, etc. 1991
300 ## - PHYSICAL DESCRIPTION
Extent 197
Dimensions 13.5 x 1.1 x 20.9
490 ## - SERIES STATEMENT
Series statement LOS NOVENTA
520 ## - SUMMARY, ETC.
Summary, etc. CONTRARIAMENTE A LAS CREENCIAS POPULARES E INCLUSO ACADEMICAS, EL NACIONALISMO NO TIENE UNAS RAICES DEMASIADO PROFUNDAS EN LA PSICOLOGIA HUMANA. ERNEST GELLNER RECUERDA QUE LA GRAN MAYORIA DE LOS GRUPOS NACIONALES EN POTENCIA, HAN RENUNCIADO A LUCHAR PARA QUE SUS CULTURAS HOMOGENEAS DISPONGAN DEL PERIMETRO Y LA INFRAESTRUCTURA NECESARIOS PARA ALCANZAR LA INDEPENDENCIA POLITICA.
650 14 - SUBJECT ADDED ENTRY--TOPICAL TERM
Topical term or geographic name entry element NACIONALISMO
740 ## - ADDED ENTRY--UNCONTROLLED RELATED/ANALYTICAL TITLE
Uncontrolled related/analytical title NATIONS AN NATIONALISM
Existencias
Withdrawn status Lost status Source of classification or shelving scheme Damaged status Not for loan Collection code Home library Current library Shelving location Date acquired Source of acquisition Inventory number Total Checkouts Total Renewals Full call number Barcode Date last seen Date last checked out Price effective from Koha item type
    Dewey Decimal Classification     General Biblioteca Karol Wojtyla Biblioteca Karol Wojtyla Sala general 03/12/2013 Compra 151000000000000000056012 4 1 320.54 GEL 87191 05/01/2026 09/06/2022 03/12/2013 Libro